| 000 | 00866nam a22002175i 4500 | ||
|---|---|---|---|
| 001 | 159976 | ||
| 003 | ES-MaACL | ||
| 005 | 20250618063030.0 | ||
| 008 | 971213s1862 sp |||| | spa d | ||
| 040 |
_aNA _bspa _cNA |
||
| 100 | 1 |
_aMonlau, Pedro Felipe, _d1808-1871 _982226 |
|
| 245 | 1 | 0 |
_aElementos de literatura ó Tratado de retórica y poética para uso de los institutos y colegios de segunda enseñanza / _cpor Pedro Felipe Monlau. |
| 250 | _a4º ed., revista, corr. y aum. | ||
| 260 |
_aMadrid : _b[s.n.], _c1862 ( _fImprenta y esterotipia de M. Rivadeneyra) |
||
| 300 |
_aIV, 434 p. ; _c19 cm. |
||
| 650 | 4 |
_aRetórica. _916882 |
|
| 650 | 4 |
_aPoética. _916254 |
|
| 740 | 0 | 1 | _aTratado de retórica y poética para uso de los institutos y colegios de segunda enseñanza. |
| 852 |
_aES-MaACL _jC-2691 _z-- Enc. hol. |
||
| 999 |
_c159976 _d159976 |
||